Variasi jahitan labuci & manik

Bibliographic Details
Main Author: Asfarena
Format: Book
Published: Selangor : Grup Buku Karangkraf Sdn. Bhd , 2014
Subjects:

MARC

LEADER 00000cam a2200000 7i4500
001 0000057500
005 20151229.0
008 151229
020 |a 9789831248355 
090 0 0 |a 745.582   |b ASF 
100 0 |a Asfarena 
245 1 0 |a Variasi jahitan labuci & manik   |c Asfarena 
260 |a Selangor :   |b Grup Buku Karangkraf Sdn. Bhd ,   |c 2014 
300 |a 112 p. ;   |c 27.5 cm. 
650 0 |a Bead embroidery 
650 0 |a Beadwork 
650 0 |a Beadwork   |x Patterns 
999 |a 0001380282   |b Book   |c Adult Collection   |e Perbadanan Perpustakaan Awam Johor 
999 |a 0001380283   |b Book   |c Adult Collection   |e Cawangan Urban Transformation Centre 
999 |a 0001380462   |b Book   |c Adult Collection   |e Cawangan Bandar Tenggara 
999 |a 0001380463   |b Book   |c Adult Collection   |e Cawangan Kota Tinggi 
999 |a 0001380464   |b Book   |c Adult Collection   |e Cawangan Taman Sri Lambak 
999 |a 0001380465   |b Book   |c Adult Collection   |e Cawangan Tangkak 
999 |a 0001380466   |b Book   |c Adult Collection   |e Cawangan Bukit Gambir 
999 |a 0001380467   |b Book   |c Adult Collection   |e Cawangan Segamat 
999 |a 0001380468   |b Book   |c Adult Collection   |e Cawangan Batu Pahat 
999 |a 0001380469   |b Book   |c Adult Collection   |e Cawangan Muar 
999 |a 0001380470   |b Book   |c Adult Collection   |e Cawangan Tmn. Ungku Tun Aminah 
999 |a 0001380471   |b Book   |c Adult Collection   |e Cawangan Pontian 
999 |a 0001380472   |b Book   |c Adult Collection   |e Cawangan Bandar Penawar 
999 |a 0001380473   |b Book   |c Adult Collection   |e Cawangan Sri Merlong 
999 |a 0001380474   |b Book   |c Adult Collection   |e Cawangan Mersing